Countries that Start with G and End in A - Statistics

General Stats
  • This quiz has been taken 92 times
  • The average score is 6 of 7
Answer Stats
Hint Answer % Correct
South America Guyana
96%
North America Guatemala
94%
Africa Guinea
94%
Asia Georgia
88%
Africa Gambia
87%
Africa Ghana
86%
North America Grenada
82%
No matching quizzes found
Score Distribution
Percent of People with Each Score
Percentile by Number Answered
Your Score History
You have not taken this quiz